Statistics for 15 most popular ncs songs with orange circle(February 2024)

Click here to take the quiz!

General Stats

  • This quiz has been taken 5 times
  • The average score is 13 of 15

Answer Stats

Views/Artist/sAnswer% Correct
50mil/JJDAdventure
100%
66mil/Jim YosefLink
100%
37mil/Jim Yosef & Anna YvetteLinked
100%
5mil/Kontinuum & SavoiLost
100%
8mil/Kontinuum & SavoiLost (JJD Remix)
100%
6mil/Netrum & HalvorsenPhoenix
100%
4mil/Itro & KontinuumAlive
75%
4mil/KontinuumAware
75%
11mil/GludeBreathe
75%
4mil/KontinuumFirst Rain
75%
4mil/JJDFuture
75%
4mil/KonacHome
75%
3mil/OneevaPlatform 9
75%
5mil/Summer Was Fun & Laura BrehmPrism
75%
4mil/InukshukWe Were Infinite
50%

Score Distribution

Percentile by Number Answered

Percent of People with Each Score

Your Score History

You have not taken this quiz